000 00875nam a22003017a 4500
003 CHAP
005 20220329134950.0
008 971013s1979 r 00010 d
010 _a28785
011 _a29757
035 _a33868
040 _cCHAP
082 _a664.92
_bL3 1979
100 0 0 _aLawrie, Ralston Andrew.
_965184
245 _aMeat science
250 _a3 ed.
260 _aOxford :
_bPergamon,
_c1979
300 _a451 p.
_b: ilus. ; láms. ; gráfs.
590 _aBATCH-UPD
_b10
_c20130110
_lUCH01
_h0837
590 _aBATCH-UPD
_b10
_c20130410
_lUCH01
_h0516
590 _aBATCH-UPD
_b10
_c20130914
_lUCH01
_h0845
590 _aCONVERSION
_b10
_c20130109
_lUCH01
_h1316
650 1 4 _aCarne.
_919053
650 1 4 _aCarne
_xConservación.
_919066
901 _aBK
942 _cLIBRO
949 _a664.92 L3 1979
_bBC
_cLIBRO
_d33724000131819
_eLIBRO
_h55574
_i33868
_si
999 _c28785
_d28785